Southville International School and Colleges
Your cart is empty.
  • Cart
  • Lists
    Public lists Eva Luna New books Lux_list list_1
    Your lists Log in to create your own lists
  • Log in to your account
  • Your cookies
  • Search history
Southville International School and Colleges
  • Advanced search
  • Recent comments
  • Most popular
  • Libraries

Log in to your account

Log in with GOOGLE


If you do not have an external account, but do have a local account, you can still log in:

  1. Home
  2. MARC view: Honda Motor :
Normal view MARC view ISBD view

Honda Motor : (Record no. 8950)

[ view plain ]
MARC details
000 -LEADER
fixed length control field 01075pam a2200337 a 4500
001 - CONTROL NUMBER
control field 4225905
003 - CONTROL NUMBER IDENTIFIER
control field SISC
005 - DATE AND TIME OF LATEST TRANSACTION
control field 20160406091142.0
008 - FIXED-LENGTH DATA ELEMENTS--GENERAL INFORMATION
fixed length control field 820621s1982 ja a b 001 0 eng
010 ## - LIBRARY OF CONGRESS CONTROL NUMBER
LC control number 82080983
020 ## - INTERNATIONAL STANDARD BOOK NUMBER
International Standard Book Number 0870115227 (U.S.) :
Terms of availability $13.95
040 ## - CATALOGING SOURCE
Original cataloging agency DLC
Transcribing agency DLC
Modifying agency DLC
041 1# - LANGUAGE CODE
Language code of text/sound track or separate title eng
Language code of original and/or intermediate translations of text jpn
043 ## - GEOGRAPHIC AREA CODE
Geographic area code a-ja---
050 00 - LIBRARY OF CONGRESS CALL NUMBER
Classification number HD 9710.J34
Item number .Sa158 1982
082 00 - DEWEY DECIMAL CLASSIFICATION NUMBER
Classification number HS 338.76292
Item number Sa1 1982
100 1# - MAIN ENTRY--PERSONAL NAME
Personal name Sakiya, Tetsuo
Dates associated with a name 1926-
9 (RLIN) 11929
240 10 - UNIFORM TITLE
Uniform title <a href="Honda chōhassō keiei.">Honda chōhassō keiei.</a>
Language of a work English
245 10 - TITLE STATEMENT
Title Honda Motor :
Remainder of title the men, the management, the machines /
Statement of responsibility, etc Tetsuo Sakiya.
250 ## - EDITION STATEMENT
Edition statement 1st ed.
260 ## - PUBLICATION, DISTRIBUTION, ETC. (IMPRINT)
Place of publication, distribution, etc Tokyo :
Name of publisher, distributor, etc Kodansha International,
Date of publication, distribution, etc c1982.
300 ## - PHYSICAL DESCRIPTION
Extent 242 p. :
Other physical details ill. ;
Dimensions 22 cm.
500 ## - GENERAL NOTE
General note Includes bibliographical references and index.
600 10 - SUBJECT ADDED ENTRY--PERSONAL NAME
Personal name Honda, Sōichirō,
Dates associated with a name 1906-1991.
9 (RLIN) 11930
600 10 - SUBJECT ADDED ENTRY--PERSONAL NAME
Personal name Fujisawa, Takeo,
Dates associated with a name 1910-
9 (RLIN) 11931
610 20 - SUBJECT ADDED ENTRY--CORPORATE NAME
Corporate name or jurisdiction name as entry element Honda Giken Kōgyō Kabushiki Kaisha.
9 (RLIN) 11932
700 1# - ADDED ENTRY--PERSONAL NAME
Personal name Porter, Timothy.
9 (RLIN) 11933
906 ## - LOCAL DATA ELEMENT F, LDF (RLIN)
a 7
b cbc
c orignew
d 1
e opcn
f 19
g y-gencatlg
942 ## - ADDED ENTRY ELEMENTS (KOHA)
Source of classification or shelving scheme Library of Congress Classification
Koha item type Books
Holdings
Withdrawn status Lost status Source of classification or shelving scheme Damaged status Home library Current library Shelving location Date acquired Total Checkouts Full call number Barcode Date last seen Copy number Price effective from Koha item type
    Library of Congress Classification   Luxembourg Library Luxembourg Library High School Section 08/22/2013   HD 9710.J34 .Sa158 1982 7219 04/06/2016 1 08/22/2013 Books

Honda Motor :

APA

Sakiya T., Porter T., . (1982). Honda Motor. Tokyo: Kodansha International.

Chicago

Sakiya Tetsuo, Porter Timothy, . 1982. Honda Motor. Tokyo: Kodansha International.

Harvard

Sakiya T., Porter T., . (1982). Honda Motor. Tokyo: Kodansha International.

MLA

Sakiya Tetsuo, Porter Timothy, . Honda Motor. Tokyo: Kodansha International. 1982.

  • Place hold
  • Print
  • Cite
  • Add to your cart (remove)
  • Save record
    BIBTEX Dublin Core MARCXML MARC (non-Unicode/MARC-8) MARC (Unicode/UTF-8) MARC (Unicode/UTF-8, Standard) MODS (XML) RIS
  • More searches
    Search for this title in:
    Other Libraries (WorldCat) Other Databases (Google Scholar) Online Stores (Bookfinder.com) Open Library (openlibrary.org)

Exporting to Dublin Core...

SOUTHVILLE LIBRARY

Southville International School and Colleges Library

1281 Tropical Ave. Cor. Luxembourg St., BF Homes International, Las Pinas City

Tel. No. 8256374 / 252358 Loc. 117/146

Powered by Koha